| 000 | 00660nam a2200265 a 4500 | ||
|---|---|---|---|
| 003 | AR-BaBNM | ||
| 005 | 20251128204430.0 | ||
| 008 | 082120s2002 ||||||||||||||000 | spa|| | ||
| 020 | _a950-13-9046-2 | ||
| 040 | _cAR-BaBNM | ||
| 100 | 1 | _aScholz-Peters, Ruth | |
| 245 | 0 | 0 | _aAlegres marionetas |
| 260 |
_aBuenos Aires _bKapelusz _c1973 |
||
| 300 |
_a48 p. _bil. |
||
| 490 | 0 | _aCómo hacer | |
| 500 | _aContiene moldes fuera de texto | ||
| 650 | 4 | _aARTE | |
| 650 | 4 | _aARTESANIAS | |
| 650 | 4 | _aEDUCACION ARTISTICA | |
| 650 | 4 | _aMARIONETAS | |
| 653 | _aMANUALIDADES | ||
| 700 | 1 |
_aStock, Yolanda K. de _etraductor |
|
| 942 | _cBK | ||
| 998 | _cEnrique | ||
| 999 |
_c7404 _d7404 |
||